000 00980cam a2200277 a 4500
001 000005137
005 20200929151604.0
008 920908s1983 sp ac b 000 p spa d
020 _a847517101X
040 _aDO-SdBNP
_bspa
_cDLC
_dBNPHU
082 _a861.64
_bC289e, 1983
100 1 _aCarnero, Guillermo,
_d1947-
_99762
245 1 0 _aEnsayo de una teoría de la visión :
_bpoesía, 1966-1977 /
_cGuillermo Carnero ; estudio preliminar de Carlos Bousoño.
250 _a2a. ed.
260 _aMadrid, España :
_bHiperión,
_c1983.
300 _a210 p. :
_bil., retrs. ;
_c20 cm.
490 1 _aPoesía Hiperión
_v16
504 _aIncluyes referencias bibliográficas
504 _aIncluye notas al pie de las páginas
600 1 4 _aCARNERO, GUILLERMO
_xCRÍTICA E INTERPRETACIÓN
_914706
650 4 _aPoesía española
_9631
650 4 _aLiteratura española
_9632
830 0 _aPoesía Hiperión ;
_v16
_914707
910 _aCatalogación por copia / LC
049 _aBNGR
999 _c4940
_d4940